Statistics for Name almost all native American polities 1500

Click here to take the quiz!

General Stats

  • This quiz has been taken 4 times
  • The average score is 8 of 220

Answer Stats

HintAnswer% Correct
.Chol
50%
.Haudenosaunee
50%
.Acoma
25%
.Algonquian Alliances
25%
.Calusa
25%
..Cochiti
25%
.Coosa
25%
.Isleta
25%
.Jemez
25%
Je'mez
25%
.Kewa
25%
.Kiche
25%
.K'iche
25%
.Middle Mississippian Confederacies
25%
.Moundville
25%
.Nambé
25%
.Nicoya
25%
.Ohkay Owingeh
25%
.Picuris
25%
.Sandia
25%
.San Felipe
25%
.Santa Ana
25%
.Taos Pueblo
25%
.Tesuque
25%
.Triple Alliance
25%
.Tuskaloosa
25%
.Tutupec
25%
.Zia
25%
.Zuni
25%
.Acala
0%
.Acatic
0%
.Achi
0%
.Ah Canul
0%
.Ah Kin Chel
0%
.Amaxocotlan
0%
.Amecan
0%
.Amollan
0%
.Apalachee
0%
.Aquijo
0%
.Aserri
0%
.Autlan
0%
.Ayahualican
0%
.Azatatlan
0%
.Blanco Canyon
0%
.Boaco
0%
.Boruca
0%
.Bottle Creek
0%
..Caddo
0%
.Calotmul
0%
.Calpista
0%
.Can Pech
0%
.Casqui
0%
.Catalte
0%
.Ceh Pech
0%
.Centipac
0%
.Chacam Putum
0%
.Chactemal
0%
.Chakan
0%
..Chiapaneques
0%
.Chibchan principalities
0%
.Chicaza
0%
.Chichilticalli
0%
.Chichimeca
0%
.Chikenchel
0%
.Choctaw
0%
.Chol Mancha
0%
.Cholti
0%
.Chomes
0%
.Chontalis
0%
.Chortis
0%
.Chuj
0%
.Chureteca
0%
.Cibola
0%
.Cochuah
0%
.Coctu
0%
.Cocuila
0%
.Cofaqui
0%
.Cofitachequi
0%
.Coligua
0%
.Colliman
0%
.Copilco
0%
.Corazones
0%
.Corobici
0%
.Coyolapan
0%
.Cupul
0%
.Currirab
0%
.Cutzallan
0%
.Dirian
0%
.Ekab
0%
.El Guarco
0%
.El Tamuín
0%
..Etzanoa
0%
.Etzatlan
0%
.Fort Ancient
0%
.Fort Watson
0%
.Garabito
0%
.Guachinango
0%
.Guachoyo
0%
.Guale
0%
.Guamar
0%
.Guarco
0%
.Hocaba
0%
.Huejutla
0%
.Itza
0%
.Itzamkanak
0%
.Ixil
0%
.Ixtapa
0%
.Jakatlec
0%
.Jinotega
0%
.Kanjobal
0%
.Kaqchikel
0%
.Kaqchiquel
0%
.Kekchi
0%
.Kha'p'oo Owinge
0%
.Lacandon
0%
.Laguna
0%
.Lenca
0%
.Mam
0%
.Managua
0%
.Maribio
0%
.Masaya
0%
.Matagalpa
0%
.Mayas Chontales
0%
.Melahuacan
0%
.Metztitlan
0%
.Mexticacan
0%
.Mistega
0%
.Mitic
0%
.Mizistlan
0%
.Mocho
0%
.Mopan
0%
.Morpan
0%
.Nata
0%
.Natchez
0%
;Nequecheri
0%
.Ngarando
0%
.Nochari
0%
.Nochistlan
0%
.Ochomogo
0%
.Ocute
0%
.Old Culiocan
0%
./Olomega
0%
.Oneota
0%
.Orotina
0%
.Otomi
0%
.Pacaca
0%
.Pacaha
0%
.Palisema
0%
.Pame
0%
.Pánuco
0%
.Parita
0%
.Pecos
0%
.Petatlan
0%
.Peten Itza
0%
.Pipil
0%
..Pococi
0%
.Pokoman
0%
.Poqomchi
0%
.Poquomach
0%
.Poton Chan
0%
.Purepecha
0%
.Quauhcapola
0%
.Quepa
0%
.Quigate
0%
.QuizQuiz
0%
.Q'umarkaj
0%
.San Juan
0%
.Santo Domingo
0%
.Sotuta-Tibolon
0%
.Suerre
0%
.Tabs Coob
0%
.Taguanate
0%
.Talamanca
0%
.Tanhuijo
0%
.Tarica
0%
.Tayasi
0%
.Tazes
0%
.Tecpatitlan
0%
.Tektitec
0%
.Temapache
0%
.Tenamaxtlan
0%
.Teotitlan
0%
.Teulinchan
0%
.Tezoatega
0%
.Tlapan
0%
.Tlaxcala
0%
.Tomatlan
0%
.Tonollan
0%
..Tseltzal
0%
.Tute
0%
.Tutilpinco
0%
.Tutul Xiu
0%
.Tuxpan
0%
.Tuzanteques
0%
.Tzetzal
0%
.Tzicóaxc
0%
..Tzotzil
0%
.Tzutujil
0%
.Uaymil
0%
.Utina
0%
.Uza
0%
.Vacapa
0%
.Veragua
0%
..Votos
0%
.Xalisco
0%
.Xalostotitlan
0%
.Xecora
0%
.Xicalango
0%
.Xinka
0%
.Xochipillan
0%
..Xochitepec
0%
.Yahualica
0%
.Yalain
0%
.Yampara
0%
.Yopitzinco
0%
.Zapandi
0%
.Zoque
0%

Score Distribution

Percentile by Number Answered

Percent of People with Each Score

Your Score History

You have not taken this quiz